Κατάλογος Βιβλιοθηκών Mediterranean College

Κατάρτισις Στελεχών (Record no. 980)

MARC details
000 -LEADER
fixed length control field 02568cam a22002054a 4500
005 - ΗΜΕΡΟΜΗΝΙΑ ΚΑΙ ΩΡΑ ΤΕΛΕΥΤΑΙΑΣ ΕΝΗΜΕΡΩΣΗΣ
Πεδίο ελέγχου 20250605163951.0
008 - FIXED-LENGTH DATA ELEMENTS--GENERAL INFORMATION
Πεδίο ελέγχου σταθερού μήκους 250528s ||||||||||||||||||||||||d
035 ## - SYSTEM CONTROL NUMBER
System control number 15396
040 ## - ΠΗΓΗ ΚΑΤΑΛΟΓΟΓΡΑΦΗΣΗΣ
Φορέας πρωτότυπης καταλογογράφησης MC Athens Campus Library
Γλώσσα καταλογογράφησης Ελληνικά, Μοντέρνα (1453-)
Modifying agency MC Athens Campus Library
Κανόνες περιγραφικής καταλογογράφησης AACR2
245 1# - ΤΙΤΛΟΣ ΚΑΙ ΔΗΛΩΣΗ ΥΠΕΥΘΥΝΟΤΗΤΑΣ
Τίτλος Κατάρτισις Στελεχών
250 ## - EDITION STATEMENT
Edition statement
260 ## - PUBLICATION, DISTRIBUTION, ETC.
Name of publisher, distributor, etc. Hellenews - Βιβλιοθήκη Επιχειρήσεως,
Date of publication, distribution, etc. 1972
300 ## - PHYSICAL DESCRIPTION
Extent 128
505 0# - FORMATTED CONTENTS NOTE
Formatted contents note Πρόλογος, Εισαγωγή, Διδακτικές Μέθοδοι, Η Διάλεξι, Η Συγκεκριμενοποίησι και τα Παιδαγωγικά Βοηθήματα, Η Διδακτική Τηλεόρασι, Αποδεικτικές Μέθοδοι, Οι Πρακτικές Εργασίες και Επισκέψεις, Η Συνεισφορά του Training within Industry, Άλλες Εφαρμογές των Αποδεικτικών Μεθόδων, Ερωτηματικές Μέθοδοι, Το Μάθημα με Ερωτήσεις, Η Βασισμένη στα Προγράμματα Διδασκαλίας, Τα Γλωσσολογικά Κέντρα, Η Χρησιμοποίησι των Τηλεπικοινωνιακών Μέσων Επεξεργασίας των Πληροφοριών, Ενεργετικές Μέθοδοι (Μέθοδοι Εξελίξεως), Η Εργασία σε Επιτροπές και σε Συνέλευσι, Οι Ψυχοκοινωνιολογικές Μέθοδοι, Η Εφευρετικότης, Τελειοποίησι των Μεθόδων Αυτών με την Χρήσι το Μαγνητοσκοπίου, Μέθοδοι Καταρτίσεως Ενσωματωμένες στη Εργασία, Επιμόρφωσι Περιωρισμένης Χρονικής Διαρκείας, Το ''Coaching'' ή Εργασία κατά Ζεύγη Πλησίον του Προϊσταμένου, Οι Αλλαγές Λειτουργημάτων και οι Θέσεις του ''Training'', Οι Εντεταλμένοι Τεχνικοί και οι Ομάδες Μελέτης Προβλημάτων της Επιχειρήσεως.
520 ## - SUMMARY, ETC.
Summary, etc. Οδηγός Επιστημονικών και Πρακτικών Γνώσεων και Κατευθύνσεων δια την ταχείαν και συστηματικήν κατάρτισιν όλων των ηγετικών στελεχών - σύμβουλος των βιομηζανικών επιχειρήσεων και παντός Διευθύνοντος.
700 1# - ΠΡΟΣΘΕΤΗ ΑΝΑΓΡΑΦΗ--ΦΥΣΙΚΟ ΠΡΟΣΩΠΟ
Personal name Sarouy G
9 (RLIN) 1313
942 ## - ADDED ENTRY ELEMENTS (KOHA)
Koha item type Books
Holdings
Τύπος τεκμηρίου Βιβλιοθήκη Τρέχουσα τοποθεσία Barcode Αριθμός εισαγωγής Ημερομηνία απόκτησης Ταξιθετικό σύμβολο Αριθμός αντιτύπου Κατάσταση απόσυρσης Κατάσταση χαμένου Κατάσταση κατεστραμμένου Μη δανεισμός Σύνολο δανεισμών Ημερομηνία τελευταίας εμφάνισης Η τιμή ισχύει από
Books MC Athens Campus Library MC Athens Campus Library 9780000009791 1651 05/06/2025 658.400/71 SAR 1           05/06/2025 05/06/2025

MC Athens Campus Library
Πατησίων 94 & Κοδριγκτώνος 13, 104 34
Πελλήνης 8 & Πατησίων 107, 112 51
Τ: +30 210 8899600

MC Thessaloniki Campus Library
Ίωνος Δραγούμη 21, 54625 | Ίωνος Δραγούμη 15, 54625
Τ: +30 2310 287779 – Τ: +30 2314 440300